000 00849cam a2200229 a 4500
003 OSt
005 20260205120439.0
008 090807s2010 nyu b 001 0 eng
020 _a9780465015399
_qalk. paper
040 _aKABLIB
_cKABLIB
_beng
082 0 0 _a320.53
_223
_bKAM
100 1 _aKampfner, John.
_915206
245 1 0 _aFreedom for sale :
_bwhy the world is trading democracy for security /
_cJohn Kampfner.
260 _aNew York :
_bBasic Books,
_cc2010.
300 _avii, 294 p. ;
_c25 cm.
504 _aIncludes bibliographical references (p. 277-282) and index.
650 0 _aAuthoritarianism
_vCross-cultural studies.
_915207
650 0 _aCapitalism
_vCross-cultural studies.
_915208
650 0 _aCapitalism
_xPolitical aspects
_vCross-cultural studies.
_915209
650 0 _aLiberty
_vCross-cultural studies.
_915210
942 _2ddc
_cBOOK
999 _c6020
_d6020